| 000 | 00655cam a22002291 4500 | ||
|---|---|---|---|
| 001 | sa 64006254 | ||
| 003 | DLC | ||
| 005 | 20260227112038.0 | ||
| 008 | 881003s1963 ii 000 0 eng | ||
| 010 | _asa 64006254 | ||
| 025 | _aPL480:I-E-2707 | ||
| 035 | _a(OCoLC)18554122 | ||
| 040 |
_aDLC _cWaU _dDLC |
||
| 042 | _apremarc | ||
| 043 |
_aa-cc--- _aa-ii--- |
||
| 050 | 0 | 0 |
_aDS480.85 _b.I485 |
| 110 | 2 | _aIndian Federation of United Nations Associations. | |
| 245 | 1 | 0 |
_aChinese aggression; _bsome facts United Nations associations should know. |
| 260 |
_aDelhi _c[1963?] |
||
| 300 |
_a10 p. _c22 cm. |
||
| 650 | 0 | _aSino-Indian Border Dispute, 1957- | |
| 999 |
_c59589 _d59589 |
||